000 00741nam a2200205 a 4500
005 20160827120722.0
008 160826b ck |||||rm||| 00| 0 spa d
040 _aCO-BoIAVH
_cCO-BoIAVH
041 _aspa
044 _ack
090 _aTE
_b0169
100 1 _aQuesada Saldarriaga, Julián David
245 1 0 _aEstimación de la densidad de chiguiro (Hydrochoerus hydrochaeris) y su relación con la composición de paisajes y presión de caza en dos hatos del municipio de Orocue (Casanare) en la época seca
260 _aBogotá
_bPontificia Universidad Javeriana
_c2006
300 _a58 Paginas
650 1 4 _aAnálisis de paisaje
650 1 4 _aPresión de caza
650 1 4 _aMuestreo
942 _cTESIS
_2z
999 _c6195
_d6195